| 000 | 00583nam a2200181 i 4500 | ||
|---|---|---|---|
| 001 | bgj | ||
| 100 | 1 | _aKANTZENBACH, Friedrich Wilhelm. | |
| 245 | 1 | 0 |
_aPolitischer Protestantismus : _bHistorische Profile und typische Konstellationen seit 1800 / _cFriedrich Wilhelm Kantzenbach. |
| 260 |
_aSaarbrücken-Scheidt : _bDadder, _c1987. |
||
| 300 |
_a214 S. ; _c21 cm. |
||
| 650 | 9 |
_aPolitischer Protestantismus _xGeschichte _y1800-1987 |
|
| 020 | _a392640602X | ||
| 040 | _cBPK | ||
| 041 | 0 | _ager | |
| 920 | _a3-926406-02-X | ||
| 942 | _cKS | ||
| 008 | s gw f |000 0 ger | ||
| 999 |
_c50670 _d50670 |
||
| 856 |
_uhttp://koha.tu.koszalin.pl/cgi-bin/koha/opac-detail.pl?biblionumber=50670 _yKatalog online BPK |
||